Leningrad Its monuments and architectural complexes

Guardado en:
Detalles Bibliográficos
Formato: Libro
Lenguaje:Undetermined
Publicado: Leningrad, USSR Aurora Art 1977
Materias:
Etiquetas: Agregar Etiqueta
Sin Etiquetas, Sea el primero en etiquetar este registro!
Thư viện lưu trữ: Trung tâm Học liệu Trường Đại học Cần Thơ
LEADER 00455nam a2200169Ia 4500
001 CTU_26634
008 210402s9999 xx 000 0 und d
082 |a 725.1 
082 |b L566 
245 0 |a Leningrad 
245 0 |b Its monuments and architectural complexes 
260 |a Leningrad, USSR 
260 |b Aurora Art 
260 |c 1977 
650 |a monuments - russia 
904 |i Minh, 981015 
980 |a Trung tâm Học liệu Trường Đại học Cần Thơ